Learning English with mobile devices; Молодой ученый; № 10
| Parent link: | Молодой ученый: ежемесячный научный журнал.— , 2008- № 10.— 2015.— [С. 1273-1275] |
|---|---|
| Yazar: | |
| Müşterek Yazar: | |
| Diğer Yazarlar: | , |
| Özet: | Заглавие с экрана The present article considers mobile learning in terms of the use of mobile devices potential for EFL acquisition. It also reviews the definition of m-learning and its difference from e-learning, provides information about the principles, advantages and disadvantages of incorporation m-learning into mainstream education, and presents the list of widespread mobile applications used by the learners nowadays. |
| Dil: | İngilizce |
| Baskı/Yayın Bilgisi: |
2015
|
| Konular: | |
| Online Erişim: | http://www.moluch.ru/archive/90/18883/ |
| Materyal Türü: | Elektronik Kitap Bölümü |
| KOHA link: | https://koha.lib.tpu.ru/cgi-bin/koha/opac-detail.pl?biblionumber=641932 |
MARC
| LEADER | 00000naa0a2200000 4500 | ||
|---|---|---|---|
| 001 | 641932 | ||
| 005 | 20250404160243.0 | ||
| 035 | |a (RuTPU)RU\TPU\network\6863 | ||
| 090 | |a 641932 | ||
| 100 | |a 20150609d2015 k||y0rusy50 ba | ||
| 101 | 0 | |a eng | |
| 102 | |a RU | ||
| 135 | |a drcn ---uucaa | ||
| 181 | 0 | |a i | |
| 182 | 0 | |a b | |
| 200 | 1 | |a Learning English with mobile devices |f Я. В. Розанова, А. А. Рау, Ю. С. Шешукова | |
| 203 | |a Text |c electronic | ||
| 300 | |a Заглавие с экрана | ||
| 320 | |a [Библиогр.: с. 1275 (3 назв.)] | ||
| 330 | |a The present article considers mobile learning in terms of the use of mobile devices potential for EFL acquisition. It also reviews the definition of m-learning and its difference from e-learning, provides information about the principles, advantages and disadvantages of incorporation m-learning into mainstream education, and presents the list of widespread mobile applications used by the learners nowadays. | ||
| 461 | |t Молодой ученый |o ежемесячный научный журнал |d 2008- | ||
| 463 | |t № 10 |v [С. 1273-1275] |d 2015 | ||
| 610 | 1 | |a электронный ресурс | |
| 610 | 1 | |a труды учёных ТПУ | |
| 610 | 1 | |a mobile learning | |
| 610 | 1 | |a English as a foreign language | |
| 610 | 1 | |a principles of mobile learning | |
| 610 | 1 | |a mobile applications | |
| 700 | 1 | |a Розанова |b Я. В. |c лингвист |c старший преподаватель Томского политехнического университета |f 1983- |g Яна Викторовна |3 (RuTPU)RU\TPU\pers\26877 |9 12494 | |
| 701 | 1 | |a Рау |b А. А. |g Александра Анатольевна | |
| 701 | 1 | |a Шешукова |b Ю. С. |g Юлия Сергеевна | |
| 712 | 0 | 2 | |a Национальный исследовательский Томский политехнический университет (ТПУ) |b Институт кибернетики (ИК) |b Кафедра иностранных языков института кибернетики (ИЯИК) |3 (RuTPU)RU\TPU\col\18707 |
| 801 | 2 | |a RU |b 63413507 |c 20150609 |g RCR | |
| 856 | 4 | 0 | |u http://www.moluch.ru/archive/90/18883/ |
| 942 | |c CF | ||